Statistics for Creatures in japanese

Click here to take the quiz!

General Stats

  • This quiz has been taken 2,376 times
  • The average score is 20 of 32

Answer Stats

RomajiKanjiAnswer% Correct
NekoCat
98%
InuDog
98%
ToriBird
87%
SakanaFish
87%
KitsuneFox
84%
KumaBear
83%
UsagiRabbit
83%
UmaHorse
80%
HebiSnake
78%
UshiCow
77%
ButaPig
77%
ToraTiger
73%
NezumiMouse
72%
SaruMonkey
70%
OokamiWolf
66%
MushiInsect
64%
HitsujiSheep
61%
ZouElephant
59%
KameTortoise
59%
Shika鹿Deer
50%
TanukiRaccoon dog
50%
KujiraWhale
47%
ChouButterfly
46%
KumoSpider
45%
HachiBee
44%
HotaruFirefly
39%
TokageLizard
35%
AhiruDuck
33%
WashiEagle
32%
Rakuda駱駝Camel
29%
SemiCicada
25%
TsubameSwallow
22%

Score Distribution

Percentile by Number Answered

Percent of People with Each Score

Your Score History

You have not taken this quiz